Alabanza y critica de la aldea. (Record no. 19495)
[ view plain ]
| 000 -CABECERA | |
|---|---|
| campo de control de longitud fija | 00755cam a22002411 4500 |
| 001 - NÚMERO DE CONTROL | |
| campo de control | 000019983 |
| 005 - FECHA Y HORA DE LA ÚLTIMA TRANSACCIÓN | |
| campo de control | 20200929170222.0 |
| 008 - DATOS DE LONGITUD FIJA--INFORMACIÓN GENERAL | |
| campo de control de longitud fija | 750804s1965 xx 000 0 spa |
| 010 ## - NÚMERO DE CONTROL DE LA BIBLIOTECA DEL CONGRESO | |
| Número de control de LC | 67074813 |
| 035 ## - NÚMERO DE CONTROL DEL SISTEMA | |
| Número de control de sistema | (OCoLC)1509092 |
| 040 ## - FUENTE DE LA CATALOGACIÓN | |
| Centro catalogador/agencia de origen | DO-SdBNP |
| Centro/agencia transcriptor | FU |
| Centro/agencia modificador | DLC |
| 042 ## - CÓDIGO DE AUTENTICACIÓN | |
| Código de autenticación | premarc |
| 043 ## - CÓDIGO DE ÁREA GEOGRÁFICA | |
| Código de área geográfica | s-ck--- |
| 050 00 - SIGNATURA TOPOGRÁFICA DE LA BIBLIOTECA DEL CONGRESO | |
| Número de clasificación | HT129.C7 |
| Número de documento/Ítem | M4 |
| 100 2# - ENTRADA PRINCIPAL--NOMBRE DE PERSONA | |
| Nombre de persona | Mendoza Varela, Eduardo. |
| 9 (RLIN) | 17307 |
| 245 10 - MENCIÓN DE TÍTULO | |
| Título | Alabanza y critica de la aldea. |
| 260 ## - PUBLICACIÓN, DISTRIBUCIÓN, ETC. | |
| Lugar de publicación, distribución, etc. | Bogota, |
| Fecha de publicación, distribución, etc. | 1965. |
| 300 ## - DESCRIPCIÓN FÍSICA | |
| Extensión | 63 p. ; |
| Dimensiones | 16cm. |
| 490 0# - MENCIÓN DE SERIE | |
| Mención de serie | Colegio Maximo de las Academias de Colombia, |
| Designación de volumen o secuencia | 3 |
| 500 ## - NOTA GENERAL | |
| Nota general | "Varias lecciones dictadas en el Curso de cultura general del Colegio Maximo de las Academias." |
| 650 #0 - PUNTO DE ACCESO ADICIONAL DE MATERIA--TÉRMINO DE MATERIA | |
| Término de materia o nombre geográfico como elemento de entrada | Cities and towns |
| Subdivisión geográfica | Colombia. |
| 9 (RLIN) | 42586 |
| 910 ## - DATOS DE OPCIÓN DEL USUARIO (OCLC) | |
| Datos de opción del usuario | Catalogación derivada / LC |
| Estado de retiro | Estado de pérdida | Restricciones de uso | No para préstamo | Código de colección | Localización permanente | Ubicación/localización actual | Ubicación en estantería | Fecha de adquisición | Número de inventario | Total de préstamos | Signatura topográfica completa | Código de barras | Fecha visto por última vez | Precio válido a partir de | Tipo de ítem Koha |
|---|---|---|---|---|---|---|---|---|---|---|---|---|---|---|---|
| Excluido de préstamo | Monografías: Libros y Folletos | General | General | En catalogación | 09.07.2010 | LF1 | 19983-10 | 25.06.2020 | 25.06.2020 | No se presta |
